[Event "Sofia MGU op 136th"]
[Site "Sofia"]
[Date "2015.02.15"]
[Round "6"]
[White "Borisov, Ivan"]
[Black "Stathopoulos, Fotios"]
[Result "1-0"]
[WhiteElo "1988"]
[BlackElo "1756"]
[PlyCount "65"]
[EventDate "2015.02.14"]
[EventType "swiss"]
[EventRounds "6"]
[EventCountry "BUL"]
[SourceTitle "CBM 164 Extra"]
[Source "ChessBase"]
[SourceDate "2015.03.02"]
[SourceVersion "1"]
[SourceVersionDate "2015.03.02"]
[SourceQuality "1"]

1. e4 e5 2. Nf3 Nc6 3. Bb5 a6 4. Ba4 b5 5. Bb3 Nf6 6. 0-0 Nxe4 7. Re1 f5 8. d3 Nf6 9. Nxe5 Nxe5 10. Rxe5+ Be7 11. Bg5 Kf8 12. Nc3 d6 13. Re1 c6 14. Qf3 d5 15. Ne2 h6 16. Bf4 Bd6 17. c4 Be6 18. Nd4 Bg8 19. Nxc6 Qd7 20. Bxd6+ Qxd6 21. cxd5 Bxd5 22. Bxd5 Qxd5 23. Qxd5 Nxd5 24. Re5 Nf6 25. Rxf5 Kf7 26. Re1 Kg6 27. Rf3 Rhe8 28. Rxe8 Rxe8 29. Re3 Kf7 30. Rxe8 Kxe8 31. Kf1 Kd7 32. Nb8+ Kc7 33. Nxa6+ 1-0

[Event "Sofia MGU op 93rd"]
[Site "Sofia"]
[Date "2013.10.12"]
[Round "2"]
[White "Kovachev, Dimitar"]
[Black "Borisov, Ivan"]
[Result "1-0"]
[WhiteElo "1728"]
[BlackElo "1756"]
[PlyCount "73"]
[EventDate "2013.10.12"]
[EventType "swiss"]
[EventRounds "6"]
[EventCountry "BUL"]
[SourceTitle "EXT 2014"]
[Source "ChessBase"]
[SourceDate "2013.11.20"]
[SourceVersion "1"]
[SourceVersionDate "2013.11.20"]
[SourceQuality "1"]

1. Nf3 d5 2. d4 Nf6 3. Bg5 Bf5 4. e3 Nbd7 5. c4 e6 6. Nc3 Bb4 7. cxd5 exd5 8. Bd3 Bxd3 9. Qxd3 h6 10. Bh4 0-0 11. 0-0 Bxc3 12. Qxc3 Nb6 13. Bxf6 gxf6 14. Nh4 Kh8 15. Nf5 Rg8 16. Nxh6 Rg7 17. Nf5 Rg5 18. Ng3 Nc4 19. Rac1 c6 20. b3 Nd6 21. Qd3 Qd7 22. f4 Rxg3 23. hxg3 f5 24. Kf2 Ne4+ 25. Kf3 Rg8 26. Rh1+ Kg7 27. Rh3 Qd6 28. Rch1 Qg6 29. Ke2 Nxg3+ 30. Rxg3 Qxg3 31. Kf1 Kf6 32. Qd2 Re8 33. Rh6+ Kg7 34. Rh3 Qg4 35. Kf2 Kf6 36. Qb4 Kg7 37. Rg3 1-0

[Event "Samara Polugaevsky Memorial 2nd"]
[Site "Samara"]
[Date "2012.07.09"]
[Round "5"]
[White "Gumerov, Ruslan"]
[Black "Borisov, Ivan"]
[Result "1-0"]
[WhiteElo "1877"]
[BlackElo "1988"]
[PlyCount "37"]
[EventDate "2012.07.05"]
[EventType "swiss"]
[EventRounds "9"]
[EventCountry "RUS"]
[SourceTitle "CBM 149 Extra"]
[Source "ChessBase"]
[SourceDate "2012.08.24"]
[SourceVersion "1"]
[SourceVersionDate "2012.08.24"]
[SourceQuality "1"]

1. d4 d5 2. c4 e6 3. Nc3 Nf6 4. cxd5 exd5 5. e3 c6 6. Bd3 Bd6 7. Nge2 0-0 8. f3 Re8 9. 0-0 Qc7 10. h3 Nh5 11. e4 Ng3 12. e5 Nxe2+ 13. Qxe2 f6 14. exd6 Rxe2 15. dxc7 Re8 16. cxb8Q Rxb8 17. Bf4 Ra8 18. Rfe1 Be6 19. Bh2 1-0

[Event "Alapaevsk Neiva"]
[Site "Alapaevsk"]
[Date "2007.05.27"]
[Round "1"]
[White "Borisov, Ivan"]
[Black "Bulatov, Sergey"]
[Result "1/2-1/2"]
[WhiteElo "2108"]
[BlackElo "2330"]
[PlyCount "52"]
[EventDate "2007.05.27"]
[EventType "tourn"]
[EventRounds "13"]
[EventCountry "RUS"]
[EventCategory "1"]
[SourceTitle "EXT 2008"]
[Source "ChessBase"]
[SourceDate "2007.11.25"]
[SourceVersion "1"]
[SourceVersionDate "2007.11.25"]
[SourceQuality "1"]

1. e4 d5 2. Nc3 dxe4 3. Nxe4 e5 4. Nf3 Nc6 5. Bb5 Bd7 6. d3 f5 7. Ng3 Bd6 8. Bg5 Nge7 9. Qe2 h6 10. Bd2 0-0 11. Bc3 Ng6 12. Bc4+ Kh7 13. Nh5 Bb4 14. Bxb4 Nxb4 15. h4 Nf4 16. Nxf4 exf4 17. 0-0 Qf6 18. c3 Nc6 19. Qd2 Qd6 20. d4 Rab8 21. Rfe1 Rfe8 22. d5 Na5 23. Bf1 b6 24. b4 Nb7 25. Ba6 Re4 26. Bd3 Ree8 1/2-1/2

[Event "Alapaevsk Neiva"]
[Site "Alapaevsk"]
[Date "2007.05.27"]
[Round "2"]
[White "Fokin, Sergey"]
[Black "Borisov, Ivan"]
[Result "1/2-1/2"]
[WhiteElo "2238"]
[BlackElo "2108"]
[PlyCount "79"]
[EventDate "2007.05.27"]
[EventType "tourn"]
[EventRounds "13"]
[EventCountry "RUS"]
[EventCategory "1"]
[SourceTitle "EXT 2008"]
[Source "ChessBase"]
[SourceDate "2007.11.25"]
[SourceVersion "1"]
[SourceVersionDate "2007.11.25"]
[SourceQuality "1"]

1. c4 e5 2. Nc3 Bb4 3. g3 Bxc3 4. bxc3 d6 5. Bg2 Nd7 6. d4 Ne7 7. Nf3 0-0 8. 0-0 h6 9. e3 Nc6 10. Ba3 Re8 11. Nd2 f5 12. Rb1 Nf6 13. Qc2 e4 14. f3 exf3 15. Rxf3 Rb8 16. Re1 Qe7 17. Rff1 Bd7 18. c5 d5 19. c4 Be6 20. cxd5 Nxd5 21. Bxd5 Bxd5 22. Qxf5 Rbd8 23. Qb1 Qe6 24. Qd3 Bxa2 25. Bb2 Qe7 26. Qa3 Qe6 27. Qc3 Re7 28. Ra1 a5 29. Rf4 Rf7 30. Rxf7 Qxf7 31. Rxa2 Qxa2 32. d5 Rd7 33. dxc6 bxc6 34. Qc1 a4 35. Nf3 Qd5 36. Nd4 Rf7 37. Qc2 Qe4 38. Qc3 Qb1+ 39. Qc1 Qa2 40. Qc3 1/2-1/2

[Event "Talinka Cup"]
[Site "Talinka"]
[Date "2007.02.09"]
[Round "7"]
[White "Yoshan, Valeriy"]
[Black "Borisov, Ivan"]
[Result "1-0"]
[WhiteElo "2330"]
[BlackElo "2150"]
[PlyCount "45"]
[EventDate "2007.02.03"]
[EventType "tourn"]
[EventRounds "9"]
[EventCountry "RUS"]
[EventCategory "2"]
[SourceTitle "EXT 2008"]
[Source "ChessBase"]
[SourceDate "2007.11.25"]
[SourceVersion "1"]
[SourceVersionDate "2007.11.25"]
[SourceQuality "1"]

1. e4 c5 2. Nf3 e6 3. d4 cxd4 4. Nxd4 a6 5. Bd3 Bc5 6. Nb3 Ba7 7. 0-0 d6 8. Nc3 Nf6 9. Bg5 Nbd7 10. Kh1 Qc7 11. f4 h5 12. Qf3 Qb6 13. Rae1 Ng4 14. Bh4 Nf8 15. Nd5 exd5 16. exd5+ Be6 17. f5 Ne5 18. Rxe5 dxe5 19. fxe6 f6 20. Bxf6 gxf6 21. Qxf6 Qc7 22. Qxh8 Bc5 23. Bg6+ 1-0

[Event "Talinka Cup"]
[Site "Talinka"]
[Date "2007.02.08"]
[Round "6"]
[White "Borisov, Ivan"]
[Black "Prahov, G."]
[Result "1/2-1/2"]
[WhiteElo "2150"]
[BlackElo "2296"]
[PlyCount "48"]
[EventDate "2007.02.03"]
[EventType "tourn"]
[EventRounds "9"]
[EventCountry "RUS"]
[EventCategory "2"]
[SourceTitle "EXT 2008"]
[Source "ChessBase"]
[SourceDate "2007.11.25"]
[SourceVersion "1"]
[SourceVersionDate "2007.11.25"]
[SourceQuality "1"]

1. e4 c5 2. Nf3 e6 3. d4 cxd4 4. Nxd4 Nf6 5. Bd3 a6 6. 0-0 Qc7 7. c4 Nc6 8. Nxc6 dxc6 9. Re1 e5 10. h3 Bc5 11. Nd2 Be6 12. Qc2 h6 13. Nb3 Be7 14. c5 Nd7 15. Be3 g5 16. Bc4 Nf8 17. Bxe6 Nxe6 18. Rad1 h5 19. Qe2 Rd8 20. Qf3 Rxd1 21. Rxd1 Nf4 22. Bxf4 exf4 23. Qc3 0-0 24. Qf3 h4 1/2-1/2

[Event "Talinka Cup"]
[Site "Talinka"]
[Date "2007.02.07"]
[Round "5"]
[White "Pakhomov, Alexey"]
[Black "Borisov, Ivan"]
[Result "1-0"]
[WhiteElo "2437"]
[BlackElo "2150"]
[PlyCount "39"]
[EventDate "2007.02.03"]
[EventType "tourn"]
[EventRounds "9"]
[EventCountry "RUS"]
[EventCategory "2"]
[SourceTitle "EXT 2008"]
[Source "ChessBase"]
[SourceDate "2007.11.25"]
[SourceVersion "1"]
[SourceVersionDate "2007.11.25"]
[SourceQuality "1"]

1. e4 Nf6 2. e5 Nd5 3. d4 d6 4. Bc4 Nb6 5. Bb3 Nc6 6. e6 fxe6 7. Nf3 Nd5 8. 0-0 Nf6 9. Re1 g6 10. Ng5 d5 11. c3 Bg7 12. Qe2 0-0 13. Nxe6 Bxe6 14. Qxe6+ Kh8 15. Bg5 Ne4 16. Bh4 Rf5 17. Bc2 Nxd4 18. cxd4 Bxd4 19. Nc3 Nc5 20. Qxe7 1-0